Management of Indian Financial Institutions (Record no. 10786)

MARC details
000 -LEADER
fixed length control field 00391nam a2200157Ia 4500
008 - FIXED-LENGTH DATA ELEMENTS--GENERAL INFORMATION
fixed length control field 191201s2011 xx 000 0 und d
082 ## - DEWEY DECIMAL CLASSIFICATION NUMBER
Classification number 658.15
Item number SRM
100 ## - MAIN ENTRY--PERSONAL NAME
Personal name SRIVASTAVA, R.M.
245 #0 - TITLE STATEMENT
Title Management of Indian Financial Institutions
250 ## - EDITION STATEMENT
Edition statement 9th
260 ## - PUBLICATION, DISTRIBUTION, ETC. (IMPRINT)
Place of publication, distribution, etc New Delhi
Name of publisher, distributor, etc Himalaya Pub.
Date of publication, distribution, etc 2021
300 ## - PHYSICAL DESCRIPTION
Extent 704
650 ## - SUBJECT ADDED ENTRY--TOPICAL TERM
Topical term or geographic name as entry element B Com
700 ## - ADDED ENTRY--PERSONAL NAME
Personal name NIGAM, Divya
942 ## - ADDED ENTRY ELEMENTS (KOHA)
Source of classification or shelving scheme Dewey Decimal Classification
Koha item type Text Books
Holdings
Withdrawn status Lost status Source of classification or shelving scheme Damaged status Not for loan Collection code Home library Current library Date acquired Source of acquisition Currency Cost, normal purchase price Bill Number Total Checkouts Full call number Acc. no. / Barcode Date last seen Actual Cost, discounted price Bill Date Koha item type
    Dewey Decimal Classification     B.Com PIET NCR College Library PIET NCR College Library 15/07/2021 Kirti Prakashan IN Rupees 925.00 IN2261   658.15 SRM N1383 04/08/2021 693.75 15/07/2021 Text Books
    Dewey Decimal Classification     B.Com PIET NCR College Library PIET NCR College Library 15/07/2021 Kirti Prakashan IN Rupees 925.00 IN2261   658.15 SRM N1384 04/08/2021 693.75 15/07/2021 Text Books
    Dewey Decimal Classification     B.Com PIET NCR College Library PIET NCR College Library 15/07/2021 Kirti Prakashan IN Rupees 925.00 IN2261   658.15 SRM N1385 04/08/2021 693.75 15/07/2021 Text Books
    Dewey Decimal Classification     B.Com PIET NCR College Library PIET NCR College Library 15/07/2021 Kirti Prakashan IN Rupees 925.00 IN2261   658.15 SRM N1386 04/08/2021 693.75 15/07/2021 Reference Books
    Dewey Decimal Classification     B.Com PIET NCR College Library PIET NCR College Library 15/07/2021 Kirti Prakashan IN Rupees 925.00 IN2261   658.15 SRM N1387 04/08/2021 693.75 15/07/2021 Text Books

Design & Developed by: PIET Central Library
R70 Miles Stone Pattikalyana Samalkha Panipat 132102
mail ID :- [email protected], Phone No:- 0180-2569700 Ex.216